Of mice and men

Uloženo v:
Podrobná bibliografie
Hlavní autor: Steinbeck, John (Autor)
Médium: Kniha
Jazyk:angličtina
Vydáno: Nueva York Bantam Books 1955
Edice:The bantam book shopper
Témata:
Tagy: Přidat tag
Žádné tagy, Buďte první, kdo vytvoří štítek k tomuto záznamu!

MARC

LEADER 00000nam a2200000 a 4500
001 UCX3532
003 CL-VaPUC
008 911113e19550000US |||||||||||||||||eng|d
082 0 4 |a 813  |b STE  |2 21 
100 0 |a Steinbeck, John  |e author  |9 319720 
245 1 0 |a Of mice and men 
300 |a 118 p 
942 |c BK 
945 |d 19911113 00:00:00 
260 |a Nueva York  |b Bantam Books  |c 1955 
650 0 |a Novelas estadounidenses  |9 265217 
583 |a last modification  |c 19911113 00:00:00  |k Rodrigo Vera 
490 0 |a The bantam book shopper 
999 |c 224264  |d 224262 
952 |0 0  |1 0  |4 0  |6 813_000000000000000_STE_1955  |7 0  |8 A  |9 220788  |a BIBEDU  |b BIBEDU  |d 2019-11-15  |i 2895293  |o 813 STE 1955  |p 2895293  |r 2019-11-15  |w 2019-11-15  |y BK  |k LIT